ر و شن لمحا ت ا کا بر ين علم و ا د ب کے سا تھ (مصا حبے) (Record no. 181442)

MARC details
000 -LEADER
fixed length control field 00711nam a22001937a 4500
005 - DATE AND TIME OF LATEST TRANSACTION
control field 20210914144720.0
010 ## - LCCN (DPL NO)
LC control number UR-11229
020 ## - INTERNATIONAL STANDARD BOOK NUMBER
Terms of availability 85.00
International Standard Book Number 9789390533428
035 ## - SYSTEM CONTROL NUMBER
System control number U-9784
037 ## - SOURCE OF ACQUISITION
Source of stock number/acquisition DBAD/PUB
082 ## - DEWEY DECIMAL CLASSIFICATION NUMBER
Classification number 808.856
100 ## - MAIN ENTRY--PERSONAL NAME
Personal name محبو ب خا ن ا صغر
245 ## - TITLE STATEMENT
Title ر و شن لمحا ت ا کا بر ين علم و ا د ب کے سا تھ (مصا حبے)
Statement of responsibility, etc محبو ب خا ن ا صغر
246 ## - VARYING FORM OF TITLE
Title proper/short title Roshan Lamhat (Urdu)
Remainder of title by Mahboob Khan Asghar
260 ## - PUBLICATION, DISTRIBUTION, ETC. (IMPRINT)
Place of publication, distribution, etc N.Delhi
Date of publication, distribution, etc 2020 ء
Name of publisher, distributor, etc Educational Publishing House
270 ## - ADDRESS
Address 3191, Vakil Street, Kucha Pandit Lal Kuan,
City Delhi
Postal code 110006
Fax number -
300 ## - PHYSICAL DESCRIPTION
Extent 264 ص
Dimensions 22 Cm(Hb)
942 ## - ADDED ENTRY ELEMENTS (KOHA)
Source of classification or shelving scheme Dewey Decimal Classification
Item type Urdu Bks
Classification part 808.856
Call number suffix م ح ب
Holdings
Withdrawn status Lost status Not for loan Collection code Home library Current library Date acquired Source of acquisition Cost, normal purchase price Full call number Barcode Copy number Cost, replacement price Koha item type
    Not For Loan Non-fiction Central Library Central Library 14/09/2021 DBAD/PUB 400.00 808.856 م ح ب U-9784 1 400.00 Urdu Bks

© Delhi Public Library
Hit Counter
free hit counter